000
00326nam a2200121Ia 4500
008
220204s9999 xx 000 0 und d
082
_a
55(035)
_b
RAM
100
_a
Chickanagappa, L S
245
0
_a
Soil mechanics and foundation engineering
260
_a
New Delhi
_b
Oxford and IBH
_c
1981
700
_a
Ramiah, B K
942
_c
BK
999
_c
36547
_d
36547